000 01105nam a2200265 i 4500
001 162892
003 ES-MaACL
005 20250806052101.0
008 170428s1911 sp a |||| | spa d
100 1 _aOberlaender, F. M.
_9162497
245 1 0 _aEnfermedades del aparato urinario de la piel y venéreas /
_cpor los profesores F. M. Oberlaender, Neisser y C. Siebert ; traducción directa del alemán por los doctores Jaime Nonell y Pablo González Muñoz.
260 _aMadrid :
_bSaturnino Calleja Fernández,
_c1911.
300 _a86 p. : il. ;
_c24 cm.
490 1 _aAnuario de ciencias médicas. Segunda serie ;
_v4
504 _aBibliografías.
650 0 4 _aAparato urinario-
_xEnfermedades.
_99913
650 0 4 _aPiel-
_xEnfermedades.
_915998
650 7 _aEnfermedades de transmisión sexual
_2embne
_912260
700 1 _aSiebert, C.
_9162498
700 0 _aNonell, Jaime.
_985939
700 0 _aGonzález Muñoz, Pablo.
_958833
830 0 _aAnuario de ciencias médicas. Segunda serie ;
_v4
_9180969
852 _aES-MaACL
_jB-11065(4)
_z.- Enc. con otras obras
999 _c162892
_d162892